Hierba del cielo /

Guardado en:
Autor Principal: Denevi, Marco
Formato: Libro
Publicado: Buenos Aires : Corregidor, 1979
Edición:3a. ed.
Materias:
Etiquetas: Agregar Etiqueta
Sin Etiquetas, Sea el primero en etiquetar este registro!
LEADER 00788nam a22002175a 4500
001 CEM.cems009373
005 20100913111343.0
008 130507s1979##################000#0#####d
003 CEMS
082 0 4 |a A868.4 
100 1 |a Denevi, Marco 
245 1 0 |a Hierba del cielo /  |c Marco Denevi 
250 |a 3a. ed. 
260 |a Buenos Aires :  |b Corregidor,  |c 1979 
300 |a 227 p. 
505 0 |a Charlie -- Efímera, peligro amarillo -- Viaje a Puerto Aventura -- Gaspar de la Noche -- Michel -- Decadencia y caída -- Carta a Gianfranco -- He aquí a la sierra de los señores -- Hierba del cielo 
653 |a Cuentos 
653 |a Cuentos argentinos-siglo 20 
653 |a Literatura 
653 |a Literatura argentina-siglo 20 
859 |a CEMS  |b BIB. CEMS - 11 de abril  |h A868.4  |i D413-3  |p 19039.96  |t Ej.1